Epistemology, science and cognition / (Record no. 146763)

MARC details
000 -LEADER
fixed length control field 00671nam a22002177a 4500
005 - DATE AND TIME OF LATEST TRANSACTION
control field 20171023112009.0
010 ## - LCCN (DPL NO)
LC control number ENG-121023
020 ## - INTERNATIONAL STANDARD BOOK NUMBER
Terms of availability 900.00
International Standard Book Number 9788186921548
020 ## - INTERNATIONAL STANDARD BOOK NUMBER
Terms of availability 900.00
International Standard Book Number 8186921540
035 ## - SYSTEM CONTROL NUMBER
System control number EN-104555
037 ## - SOURCE OF ACQUISITION
Source of stock number/acquisition DBAD/PUB
082 ## - DEWEY DECIMAL CLASSIFICATION NUMBER
Classification number 121
245 ## - TITLE STATEMENT
Title Epistemology, science and cognition /
Statement of responsibility, etc edited by Prajit K. Basu [and] S.G. Kulkarni
260 ## - PUBLICATION, DISTRIBUTION, ETC. (IMPRINT)
Place of publication, distribution, etc New Delhi
Name of publisher, distributor, etc Decent Books
Date of publication, distribution, etc 2011
270 ## - ADDRESS
Address D-36/ A-1, Mohan Garden, Najafgarh Road
City New Delhi
Postal code 110059
300 ## - PHYSICAL DESCRIPTION
Extent viii,392p.
Dimensions 22.5cm(Hb)
500 ## - GENERAL NOTE
General note Includes indexes
700 ## - ADDED ENTRY--PERSONAL NAME
Personal name Basu, Prajit K.
700 ## - ADDED ENTRY--PERSONAL NAME
Personal name Kulkarni, S.G.
942 ## - ADDED ENTRY ELEMENTS (KOHA)
Source of classification or shelving scheme Dewey Decimal Classification
Item type English Books
Classification part 121
Call number suffix EPI
Holdings
Withdrawn status Lost status Not for loan Collection code Home library Current library Date acquired Source of acquisition Cost, normal purchase price Full call number Barcode Copy number Cost, replacement price Koha item type
    Not For Loan Non-fiction D.B.Act.Division Bawana 23/10/2017 DBAD/PUB 900.00 121 EPI EN-104555 1 900.00 English Books

© Delhi Public Library
Hit Counter
free hit counter